000 00426nam a2200181Ia 4500
008 230524s9999 xx 000 0 und d
020 _a9781316640081
082 _bSUD
100 _aN P Sudharshana
245 0 _aEnglish For Technical Communication
250 _a1
260 _aNoida
_bCambridge
_c2018
300 _a214
500 _aQuantity Number: 20
650 _aEnglish
700 _aC Savitha
942 _cBK
999 _c59686
_d59686